[Event "5th It"]
[Site "Montecatini Terme ITA"]
[Date "2000.02.03"]
[Round "6"]
[White "Passerotti,P"]
[Black "Aldrovandi,C"]
[Result "1/2-1/2"]
[WhiteElo "2278"]
[BlackElo "2328"]

1.d4 Nf6 2.Nf3 g6 3.c4 Bg7 4.Nc3 O-O 5.e4 d6 6.Be2 e5 7.O-O Nc6 8.d5 Ne7
9.b4 a5 10.bxa5 Rxa5 11.Nd2 c5 12.Nb3 Ra6 13.Be3 Nd7 14.f3 f5 15.g4 Kh8 16.Kg2 Bf6
17.g5 Bg7 18.h4 f4 19.Bf2 Rf7 20.Rh1 Ng8 21.Rh2 Bf8 22.Kh1 Be7 23.Qc2 Nf8
24.Rg1 h6 25.h5 Rh7 26.hxg6 Nxg6 27.gxh6 Nh4 28.Nb5 Rxh6 29.Qb2 b6 30.Be1 Bf6
31.Bd1 Qe7 32.Qe2 Ra8 33.a4 Qd8 34.Qd2 Kh7 35.a5 Ne7 36.axb6 Qxb6 37.Na5 Bd7
38.Nc6 Nxc6 39.dxc6 Qxc6 40.Qxd6 Qxd6 41.Nxd6 Be6 42.Nb7 Rc8 43.Bf2 Be7 44.Be2 Rc7
45.Rb1 Kg7 46.Rb6 Bc8 47.Rxh6 Kxh6 48.Nxc5 Kh5 49.Nd3 Rb7 50.Bf1 Rb1 51.Kg1 Be6
52.Nxe5 Bf6 53.Nd3 Bxc4 54.Nxf4+ Kg5 55.Bxh4+ Kxf4 56.Bxf6 Kxf3 57.Rh3+ Kg4
58.Rh4+ Kg3 59.Rh3+ Kg4 60.Rh4+ Kg3 61.Rh3+ Kg4 62.Rh4+ Kg3 63.Rh3+  1/2-1/2

[Event "5th HIT Open"]
[Site "Nova Gorica SLO"]
[Date "2000.02.04"]
[Round "4"]
[White "Richter,Mi"]
[Black "Grosar,K"]
[Result "1-0"]
[WhiteElo "2402"]
[BlackElo "2211"]

1.d4 Nf6 2.c4 g6 3.Nc3 Bg7 4.e4 d6 5.Nf3 O-O 6.Be2 e5 7.O-O Nc6 8.d5 Ne7
9.a4 a5 10.Ne1 Ne8 11.Nd3 f5 12.f3 c5 13.dxc6 bxc6 14.Be3 Be6 15.b3 Qc7 16.Rc1 Bf7
17.g4 Nf6 18.Kh1 Rab8 19.Rg1 f4 20.Bf2 Nd7 21.Rb1 Rfd8 22.Qc1 Nf8 23.Qa3 Ne6
24.Rgc1 Nd4 25.Kg2 Qd7 26.Bd1 c5 27.Nb5 Nec6 28.Nxd4 Nxd4 29.Bxd4 exd4 30.Be2 Be6
31.Qa2 Rf8 32.Qd2 h5 33.gxh5 gxh5 34.Qxa5 Kh8 35.Kh1 Rg8 36.Rg1 Bh6 37.Qe1 Qe7
38.Rxg8+ Rxg8 39.Qf2 Bg5 40.Rg1 Kh7 41.Bf1 Qd7 42.Qe1 Qb7 43.Qd1 Kh6 44.a5 Rb8
45.Qd2 Rf8 46.h4  1-0

[Event "Extraliga CZE"]
[Site "Ostrava CZE"]
[Date "2000.02.05"]
[Round "8"]
[White "Kupka,S"]
[Black "Kleberc,K"]
[Result "1/2-1/2"]
[WhiteElo "2326"]
[BlackElo "2267"]

1.d4 Nf6 2.Nf3 g6 3.c4 Bg7 4.Nc3 d6 5.e4 O-O 6.Be2 e5 7.O-O Nc6 8.d5 Ne7
9.Ne1 Nd7 10.f3 f5 11.g4 Kh8 12.Nd3 Ng8 13.Qe1 Bh6 14.gxf5 gxf5 15.Kh1 f4
16.Rg1 Rf7 17.b4 Bg5 18.Nd1 Nf8 19.Bb2 Ng6 20.N1f2 Bh4 21.c5 Qf8 22.Qd2 Nf6
23.Rg2 Qh6 24.Rc1 Rg7 25.Rcg1 Bd7  1/2-1/2

[Event "Belgian Interteams 1999-2000"]
[Site "Antwerp BEL"]
[Date "2000.02.06"]
[Round "9"]
[White "Wiley,To"]
[Black "Meessen,R"]
[Result "0-1"]
[WhiteElo "2294"]
[BlackElo "2335"]

1.d4 Nf6 2.c4 g6 3.Nc3 Bg7 4.e4 d6 5.Nf3 O-O 6.Be2 e5 7.O-O Nc6 8.d5 Ne7
9.b4 Nh5 10.Re1 Nf4 11.Bf1 a5 12.Ba3 Bg4 13.Re3 axb4 14.Bxb4 c5 15.dxc6 Nxc6
16.Qxd6 Bxf3 17.Rxf3 Nd4 18.Rg3 Qc8 19.Rb1 h5 20.Qc5 Qd7 21.Qd6 Rfd8 22.Qxd7 Rxd7
23.h4 Bf6 24.Re3 Nc2 25.Rf3 Nd4 26.Re3 Nc2 27.Rf3 Nxb4 28.Rxb4 Bxh4 29.Rb5 Ne6
30.Rxe5 Rd2 31.g3 Bd8 32.Rd5 Rc2 33.Nb5 Ng5 34.Rfd3 Be7 35.Rd2 Rxd2 36.Rxd2 Nf3+  0-1

[Event "5th HIT Open"]
[Site "Nova Gorica SLO"]
[Date "2000.02.07"]
[Round "7"]
[White "Nikolov,S"]
[Black "Grabics,M"]
[Result "1-0"]
[WhiteElo "2376"]
[BlackElo "2341"]

1.d4 Nf6 2.c4 g6 3.Nc3 Bg7 4.e4 d6 5.Nf3 O-O 6.Be2 e5 7.O-O Nc6 8.d5 Ne7
9.Nd2 a5 10.a3 Nd7 11.Rb1 f5 12.b4 Kh8 13.Qc2 Nf6 14.Rd1 g5 15.c5 axb4 16.axb4 f4
17.Nc4 g4 18.b5 b6 19.cxd6 cxd6 20.Bf1 g3 21.hxg3 fxg3 22.fxg3 Ng4 23.Be2 Qc7
24.Ne3 Qc5 25.Bxg4 Bxg4 26.Rd3 Rf6 27.Bd2 Raf8 28.Qb3 Qc8 29.Na4 Be2 30.Rc3 Qe8
31.g4 Bh6 32.Rc7 Qd8 33.Rc2 Ng8 34.Re1 Bxe3+ 35.Qxe3 Rf1+ 36.Rxf1 Rxf1+ 37.Kh2 Bxb5
38.Nxb6 Qh4+ 39.Qh3 Qf2 40.Qe3 Qh4+ 41.Qh3 Qxh3+ 42.Kxh3 Rh1+ 43.Kg3 Nf6
44.Bc1 Nxe4+ 45.Kf3 Nf6 46.g5 Rf1+ 47.Kg3 Ne4+ 48.Kh2 Kg7 49.Nc8 Kg6 50.Ba3 Bd3
51.Rc6 Kxg5 52.Nxd6 Nf2 53.Nf7+ Kf5 54.Nh6+ Ke4 55.d6 Rh1+ 56.Kg3 Rxh6 57.Kxf2 Rf6+
58.Kg1 Rf8 59.Rc7 Bb5 60.Rxh7 Kf4 61.Rb7 Bc6 62.Rc7 Bb5 63.Bb4 Rg8 64.Ba5 Ra8
65.Rf7+ Kg3 66.Rg7+ Kf4 67.Bc7 Ra1+ 68.Kh2 Rd1 69.Rf7+ Kg4 70.Rf3 Bc6 71.Rg3+ Kf4
72.Rg7 Kf5 73.Kh3  1-0

[Event "Goodricke Open"]
[Site "Calcutta IND"]
[Date "2000.02.08"]
[Round "3"]
[White "Suvrajit,S"]
[Black "Singh,G"]
[Result "1-0"]
[WhiteElo "2269"]
[BlackElo "2312"]

1.d4 Nf6 2.c4 g6 3.Nc3 Bg7 4.e4 d6 5.Nf3 O-O 6.Be2 e5 7.O-O Nc6 8.d5 Ne7
9.Ne1 Ne8 10.Be3 f5 11.f3 f4 12.Bf2 h5 13.c5 Rf6 14.cxd6 Nxd6 15.Nd3 Rf7
16.Bh4 Kh7 17.Qb3 Kh6 18.Nc5 g5 19.Ne6 Bxe6 20.dxe6 Rf6 21.Bf2 c6 22.Rfd1 Nec8
23.Na4 Qe8 24.Nc5 Qe7 25.Rac1 Nb6 26.a4 Re8 27.a5 Nbc8 28.a6 b6 29.Nb7 c5
30.Qa4 Rxe6 31.b4 cxb4 32.Qxb4 Nxb7 33.Qxe7 R6xe7 34.axb7 Rxb7 35.Bb5 Rh8
36.Ba6 Rb8 37.Rc6+ Kh7 38.Rd7 b5 39.Rcc7 Rg8 40.Bxc8 Rbxc8 41.Rxg7+ Rxg7
42.Rxc8 Rb7 43.Kf1 b4 44.Rc1 a5 45.Bc5 a4 46.Ke2 a3 47.Kd2 g4 48.Kc2 b3+
49.Kb1 a2+ 50.Kb2 Rd7 51.Kxb3 Rd2 52.Ra1 gxf3 53.gxf3 Rd3+ 54.Kc4 Rd2 55.h4 Kg6
56.Bb4 Rf2 57.Bc5 Rh2 58.Kd5 Kf6 59.Bb4 Rxh4 60.Rxa2 Rh3 61.Rf2 Rh1 62.Bc3 Rd1+
63.Kc4 Rd7 64.Rh2 Rh7 65.Ba5 Ke6 66.Kc5 Rh8 67.Kc6 Rc8+ 68.Bc7 Rh8 69.Rd2 h4
70.Rd6+ Kf7 71.Rd1 Ke6 72.Rd5 Rh5 73.Rd6+ Kf7 74.Kd7 h3 75.Rd1 h2 76.Rh1 Kf6
77.Bd8+ Kf7 78.Kd6 Kg6 79.Ke6 Rh3 80.Kxe5 Rxf3 81.Rxh2 Rf1 82.Bb6  1-0

[Event "Petroff Mem Open"]
[Site "St Petersburg RUS"]
[Date "2000.02.08"]
[Round "2"]
[White "Ragozin,E"]
[Black "Kabanov,N"]
[Result "1-0"]
[WhiteElo "2475"]
[BlackElo "2330"]

1.c4 g6 2.e4 Bg7 3.d4 d6 4.Nc3 Nf6 5.Be2 O-O 6.Nf3 e5 7.O-O Nc6 8.d5 Ne7
9.Ne1 Nd7 10.Nd3 f5 11.Bd2 Nf6 12.f3 f4 13.c5 g5 14.Rc1 Ng6 15.cxd6 cxd6
16.Nb5 Rf7 17.Qc2 Ne8 18.a4 h5 19.Nf2 Bd7 20.Qb3 g4 21.fxg4 hxg4 22.Nxg4 Bxg4
23.Bxg4 Qb6+ 24.Kh1 a6 25.Be6 axb5 26.a5 Qd8 27.Qxb5 Qe7 28.Rc4 Kh7 29.Rb4 Nc7
30.Qxb7 Rff8 31.Bf5 Rxa5 32.Rc4 Rc5 33.Rxc5 dxc5 34.Ba5 Rxf5 35.exf5 Nh4
36.Bxc7 Qg5 37.d6 f3 38.Rg1 Qe3 39.gxf3 Nxf3 40.Rf1 e4 41.Qa6 Be5 42.d7 Bxc7
43.Qg6+ Kh8 44.Ra1 Bd8 45.Qe8+ Kh7 46.Qxd8 Ng5 47.Qe7+ Kh6 48.Qf6+ Kh5 49.Qg6+ Kh4
50.Qh6+  1-0

[Event "Petroff Mem Open"]
[Site "St Petersburg RUS"]
[Date "2000.02.08"]
[Round "2"]
[White "Neverov,V"]
[Black "Manakov,I"]
[Result "1-0"]
[WhiteElo "2541"]
[BlackElo "2279"]

1.d4 Nf6 2.c4 g6 3.Nc3 Bg7 4.e4 d6 5.Nf3 O-O 6.Be2 e5 7.O-O Nc6 8.d5 Ne7
9.Ne1 Ne8 10.Nd3 f5 11.Bd2 Kh8 12.Rc1 Nf6 13.f3 Neg8 14.c5 f4 15.cxd6 cxd6
16.Nb5 Rf7 17.Qc2 Ne8 18.a4 Bf6 19.Qc3 Bd7 20.Qb4 Qb8 21.a5 g5 22.Rc3 Rg7
23.Rfc1 Bd8 24.Rb3 Ngf6 25.Nf2 h5 26.h3 Be7 27.Na3 Bc8 28.Rbc3 Bd7 29.Bb5 Bxb5
30.Qxb5 a6 31.Qe2 Bd8 32.Nc4 Bc7 33.Be1 Qa7 34.Kf1 Rd8 35.Nd3 Rdd7 36.Bf2 Qb8
37.Ke1 Qd8 38.b4 Qe7 39.Kd2 Qf7 40.Kc2 Qg6 41.Kb3 Kh7 42.Ka4 Qf7 43.Rb3 Qe7
44.b5 axb5+ 45.Rxb5 Bd8 46.Qb2 Kg8 47.Ndxe5 dxe5 48.Bc5 Nd6 49.Nxd6 Rxd6
50.Bxd6 Qxd6 51.Rxb7 Rxb7 52.Qxb7 Be7 53.Rc8+ Kf7 54.Rc6 Qa3+ 55.Kb5 Ne8
56.Qd7 Qd3+ 57.Kb6 Qb3+ 58.Ka7 Qe3+ 59.Kb8 Qa3 60.a6  1-0

[Event "Petroff Mem Open"]
[Site "St Petersburg RUS"]
[Date "2000.02.08"]
[Round "2"]
[White "Popov,Val"]
[Black "Salinnikov,D"]
[Result "0-1"]
[WhiteElo "2534"]
[BlackElo "2403"]

1.d4 Nf6 2.c4 g6 3.Nc3 Bg7 4.e4 d6 5.Be2 O-O 6.Nf3 e5 7.O-O Nc6 8.d5 Ne7
9.b4 a5 10.Ba3 b6 11.bxa5 Nh5 12.Re1 Nf4 13.Bf1 Kh8 14.Nd2 Rxa5 15.Bb4 Ra8
16.Nb3 f5 17.a4 Rf6 18.g3 g5 19.Nd2 c5 20.Ba3 Rh6 21.Nb5 g4 22.Bb2 Neg6 23.Ra3 Kg8
24.exf5 Bxf5 25.Ne4 Nh4 26.gxf4 Nf3+ 27.Rxf3 Qh4 28.h3 gxf3 29.Qxf3 Rf8 30.Bc1 Rg6+
31.Kh2 exf4 32.Nbxd6 Bg4 33.Qg2 Be5 34.f3 Bxh3 35.Qxh3 Qxe1 36.Bd2 Qd1 37.Nc8 Kg7
38.Qd7+ Rf7 39.Qe8 Bd4 40.Bxf4 Rxf4 41.Ncd6 Rh4+  0-1

[Event "FSIMA February"]
[Site "Budapest HUN"]
[Date "2000.02.09"]
[Round "5"]
[White "Sinkovics,P"]
[Black "Gara,A"]
[Result "0-1"]
[WhiteElo "2331"]
[BlackElo "2257"]

1.d4 Nf6 2.c4 g6 3.Nc3 Bg7 4.e4 d6 5.Be2 O-O 6.Nf3 e5 7.O-O Nc6 8.d5 Ne7
9.Nd2 a5 10.a3 Nd7 11.Rb1 f5 12.b4 Kh8 13.Qc2 Nf6 14.f3 c6 15.Rd1 Bh6 16.Qd3 axb4
17.axb4 cxd5 18.exd5 b6 19.Bb2 g5 20.Ra1 Rxa1 21.Bxa1 Ng6 22.g3 Bg7 23.c5 bxc5
24.bxc5 dxc5 25.Nc4 h5 26.Nb5 Nd7 27.Bc3 g4 28.fxg4 hxg4 29.Bxg4 Qg5 30.Bf3 Ba6
31.Nbd6 Nf6 32.Bxe5 f4 33.Qc3 Kg8 34.Bg2 Bxc4 35.Nxc4 Qh5 36.Bf3 Ng4 37.Bxg4 Qxg4
38.Rf1 Nxe5 39.Nxe5 Qg5 40.Nf3 Qxd5 41.Qd2 Qe4 42.gxf4 Rxf4 43.Qd8+ Rf8 44.Qh4 Bd4+
45.Kg2 Qe2+  0-1

[Event "Petroff Mem Open"]
[Site "St Petersburg RUS"]
[Date "2000.02.09"]
[Round "3"]
[White "Rashkovsky,N"]
[Black "Shinkevich,V"]
[Result "1/2-1/2"]
[WhiteElo "2523"]
[BlackElo "2440"]

1.d4 Nf6 2.Nf3 g6 3.c4 Bg7 4.Nc3 O-O 5.e4 d6 6.Be2 e5 7.O-O Nc6 8.d5 Ne7
9.b4 Nh5 10.Re1 f5 11.Ng5 Nf6 12.Bf3 c6 13.Be3 Kh8 14.a4 Ne8 15.c5 f4 16.Bc1 h6
17.Ne6 Bxe6 18.dxe6 d5 19.exd5 e4 20.Bb2 cxd5 21.Bg4 a6 22.Rb1 Nf6 23.Bh3 g5
24.f3 e3 25.Ne2 Qe8 26.Nd4 Qg6 27.g4 h5 28.Nf5 Nxf5 29.gxf5 Qe8 30.Kh1 Rd8
31.Bd4 Qe7 32.b5  1/2-1/2

[Event "Petroff Mem Open"]
[Site "St Petersburg RUS"]
[Date "2000.02.09"]
[Round "3"]
[White "Ionov,S"]
[Black "Selin,O"]
[Result "1-0"]
[WhiteElo "2558"]
[BlackElo "2327"]

1.d4 Nf6 2.c4 g6 3.Nc3 Bg7 4.e4 d6 5.Nf3 O-O 6.Be2 e5 7.O-O Nc6 8.d5 Ne7
9.b4 Nh5 10.Re1 f5 11.Ng5 Nf6 12.Bf3 fxe4 13.Ncxe4 Nf5 14.Bb2 a5 15.b5 Nxe4
16.Nxe4 b6 17.g3 Bd7 18.Bg2 h6 19.h4 Qe7 20.a4 Rae8 21.Qd2 Qf7 22.Ra3 Re7
23.Rf3 Qe8 24.Bc3 Nd4 25.Rxf8+ Qxf8 26.Qd1 Qc8 27.Nxd6 cxd6 28.Bxd4 exd4
29.Rxe7 Bf6 30.Re1 Qxc4 31.Be4 Kg7 32.Qc2 Qc3 33.Rc1 Qxc2 34.Rxc2 Bd8 35.Kf1 Kf6
36.Ke2 g5 37.hxg5+ hxg5 38.Kd3 Ke5 39.Re2 Kf6 40.Kxd4 g4 41.Re1 Kg5 42.Rh1 Bf6+  1-0

[Event "Goodricke Open"]
[Site "Calcutta IND"]
[Date "2000.02.10"]
[Round "5"]
[White "Sharma,D"]
[Black "Tania,S"]
[Result "1/2-1/2"]
[WhiteElo "2337"]
[BlackElo "2105"]

1.d4 Nf6 2.c4 g6 3.Nc3 Bg7 4.e4 d6 5.Nf3 O-O 6.Be2 e5 7.O-O Nc6 8.d5 Ne7
9.b4 a5 10.bxa5 c5 11.Nd2 Rxa5 12.a4 Ne8 13.Rb1 Ra6 14.Bf3 b6 15.Nb5 f5 16.Re1 Nf6
17.Ra1 f4 18.Bb2 g5 19.h3 Ng6 20.Ra3 Nh4 21.Be2 Rf7 22.Nf3 Nxf3+ 23.Bxf3 Bf8
24.Qa1  1/2-1/2

[Event "Goodricke Open"]
[Site "Calcutta IND"]
[Date "2000.02.12"]
[Round "7"]
[White "Suvrajit,S"]
[Black "Konguvel,P"]
[Result "1/2-1/2"]
[WhiteElo "2269"]
[BlackElo "2356"]

1.d4 Nf6 2.c4 g6 3.Nc3 Bg7 4.e4 d6 5.Nf3 O-O 6.Be2 e5 7.O-O Nc6 8.d5 Ne7
9.Ne1 Nd7 10.Be3 f5 11.f3 f4 12.Bf2 g5 13.a4 Ng6 14.a5 h5 15.Nb5 Nf6 16.Nxa7 Bd7
17.c5 g4 18.c6 g3 19.hxg3 fxg3 20.Bxg3 h4 21.Bf2 bxc6 22.dxc6 Be6 23.b4 Nf4
24.b5 N6h5 25.b6 Qg5 26.Kh2 Bh6 27.Rh1 Kf7 28.Kg1 Ng3 29.Ba6 Rg8 30.Rh2 Nh3+
31.Rxh3 Bxh3 32.Bc4+ Kf6 33.bxc7 Ne2+ 34.Qxe2 Bxg2 35.Bxh4 Qxh4 36.Nxg2 Rxg2+
37.Qxg2 Be3+ 38.Kf1 Bxa7 39.Ke2 Qf4 40.Ra3 Qc1 41.Rd3 Qc2+ 42.Kf1 Qxc4 43.Qe2 Qc5
44.Qh2 Kg7 45.Qh4 Qc1+  1/2-1/2

[Event "Petroff Mem Open"]
[Site "St Petersburg RUS"]
[Date "2000.02.13"]
[Round "6"]
[White "Solovjov,S"]
[Black "Loskutov,O"]
[Result "0-1"]
[WhiteElo "2449"]
[BlackElo "2380"]

1.Nf3 Nf6 2.c4 g6 3.Nc3 Bg7 4.e4 d6 5.d4 O-O 6.Be2 e5 7.O-O Nc6 8.d5 Ne7
9.Ne1 Ne8 10.Be3 f5 11.f3 f4 12.Bf2 h5 13.a4 g5 14.Nb5 a6 15.Na3 Rf6 16.c5 Rg6
17.cxd6 Nxd6 18.Rc1 Kh8 19.Nc4 Ng8 20.Qc2 g4 21.Nxe5 Bxe5 22.Nd3 g3 23.Nxe5 gxf2+
24.Rxf2 Rg7 25.Nd3 Qg5 26.Qd2 Rf7 27.e5 Ne8 28.Rc4 Ne7 29.Nxf4 Qxe5 30.Re4 Qg5
31.h4 Qh6 32.Bd3 Kg8 33.Rfe2 Nd6 34.Rxe7 Qxf4 35.Bh7+ Kh8 36.Rxf7 Qxd2 37.Rxd2 Nxf7
38.Bg6 Nd6 39.Bxh5 Bd7 40.Re2 Be8 41.Bg4 Bxa4 42.Re7 c6 43.Rd7 Nc4 44.Be6 cxd5
45.Rxb7 Rd8 46.Kf2 Ne5 47.Ra7 d4 48.Rxa6 Nd3+ 49.Ke2 Nxb2 50.Rb6 Nd1 51.Kd3 Ne3
52.Rb2 Be8 53.g4 Bc6 54.Rb4 Ng2 55.Bf5 Ne1+ 56.Ke2 Nxf3 57.g5 Nxh4 58.Rb6 Bf3+
59.Kf2 Nxf5 60.Kxf3 d3 61.Rb1 d2 62.Rd1 Nd4+ 63.Ke3 Nb3 64.Rh1+ Kg7 65.Ke2 Re8+  0-1

[Event "ch-NED (qualifier KO)"]
[Site "Rotterdam NED"]
[Date "2000.02.14"]
[Round "3.1"]
[White "Janssen,R"]
[Black "Nijboer,F"]
[Result "0-1"]
[WhiteElo "2414"]
[BlackElo "2540"]

1.d4 Nf6 2.Nf3 g6 3.c4 Bg7 4.Nc3 O-O 5.e4 d6 6.Be2 e5 7.O-O Nc6 8.d5 Ne7
9.b4 a5 10.Ba3 b6 11.bxa5 Nh5 12.Bb4 bxa5 13.Ba3 Nf4 14.c5 Nxe2+ 15.Nxe2 Ba6
16.Re1 h6 17.Rc1 f5 18.Nd2 h5 19.Nc4 Bh6 20.Rc3 Rf6 21.exf5 Nxf5 22.Ng3 Nxg3
23.hxg3 h4 24.gxh4 Rf4 25.Qc2 Qxh4 26.g3 Rg4 27.Ne3 Bxe3 28.Rcxe3 Qf6 29.cxd6 cxd6
30.Re4 Rxe4 31.Rxe4 Rf8 32.Qd2 Bb7 33.Rg4 Rf7 34.Qc2 Kg7 35.Bc1 Bxd5 36.Bg5 Qf3
37.Bh6+ Kh8 38.Bg7+ Rxg7 39.Rh4+ Rh7 40.Qc8+ Bg8  0-1

[Event "8th Valle d'Aosta Open"]
[Site "Saint Vincent ITA"]
[Date "2000.02.14"]
[Round "3"]
[White "Skembris,S"]
[Black "Aldrovandi,C"]
[Result "1-0"]
[WhiteElo "2481"]
[BlackElo "2328"]

1.d4 Nf6 2.c4 g6 3.Nc3 Bg7 4.e4 d6 5.Be2 O-O 6.Nf3 e5 7.O-O Nc6 8.d5 Ne7
9.b4 a5 10.bxa5 Rxa5 11.Nd2 c5 12.a4 Nd7 13.Nb5 Ra6 14.Ra3 f5 15.Bb2 f4 16.Bg4 h5
17.Be6+ Kh7 18.Bc3 Kh6 19.f3 Ng8 20.Nb3 Ngf6 21.Qe1 Nh7 22.Ba5 b6 23.Bd2 Qe7
24.a5 Ng5 25.Bxd7 Bxd7 26.Qe2 Rb8 27.Rfa1 Nf7 28.axb6 Raxb6 29.Ra7 R6b7 30.Rxb7 Rxb7
31.Na5 Rb6 32.Nc6 Bxc6 33.dxc6 Rxc6 34.Ra7 Qe6 35.Qd3 Rc8 36.Rxf7 Qxf7 37.Nxd6 Qe6
38.Nxc8 Qxc8 39.Qd6 Qf8 40.Qd5 Qc8 41.Ba5 Kh7 42.h3 g5 43.Qf7 Kh6 44.Qc7 Qf8
45.Bb6 g4 46.hxg4 hxg4 47.fxg4 Qa8 48.Qf7 Kh7 49.Qf5+ Kh8 50.g5 Qa1+ 51.Kh2 Qe1
52.Qh3+ Kg8 53.g6 Qg3+ 54.Qxg3 fxg3+ 55.Kxg3 Bh6 56.Kg4 Kg7 57.Kf5  1-0

[Event "Petroff Mem Open"]
[Site "St Petersburg RUS"]
[Date "2000.02.15"]
[Round "8"]
[White "Tunik,G"]
[Black "Pakhomov,A"]
[Result "1-0"]
[WhiteElo "2442"]
[BlackElo "2298"]

1.d4 Nf6 2.c4 g6 3.Nc3 Bg7 4.e4 d6 5.Nf3 O-O 6.Be2 e5 7.O-O Nc6 8.d5 Ne7
9.Ne1 Nd7 10.Be3 f5 11.f3 f4 12.Bf2 g5 13.a4 Kh8 14.a5 Rg8 15.Nd3 h5 16.c5 a6
17.cxd6 cxd6 18.Na4 Bf8 19.Kh1 Ng6 20.Qb3 Be7 21.Rfc1 Qf8 22.Qd1 Qh6 23.Ra3 Kg7
24.Rb3 Rh8 25.Bg1 Nh4 26.Rc7 Ng6 27.Rbc3 g4 28.Qc2 h4 29.fxg4 h3 30.gxh3 Nf6
31.Nf2 Bd7 32.Nb6 Rad8 33.Nxd7 Nxd7 34.Bf3 Nh4 35.Qa4 Nxf3 36.Rxd7  1-0

[Event "Open"]
[Site "Cannes FRA"]
[Date "2000.02.20"]
[Round "1"]
[White "Nobili,D"]
[Black "Maurer,F"]
[Result "0-1"]
[WhiteElo "2048"]
[BlackElo "2189"]

1.d4 Nf6 2.c4 g6 3.Nc3 Bg7 4.e4 d6 5.Be2 O-O 6.Nf3 e5 7.O-O Nc6 8.d5 Ne7
9.b4 a5 10.Ba3 Nh5 11.Re1 f5 12.Nd2 Nf6 13.f3 axb4 14.Bxb4 c5 15.dxc6 Qb6+
16.Kh1 Qxb4 17.Rb1 Qxc3 18.cxb7 Bxb7 19.Rxb7 Nc6 20.Nb1 Qd4 21.Qb3 Na5  0-1

[Event "16th open"]
[Site "Cappelle La Grande FRA"]
[Date "2000.02.20"]
[Round "2"]
[White "Rashkovsky,N"]
[Black "Navrotescu,C"]
[Result "0-1"]
[WhiteElo "2523"]
[BlackElo "2439"]

1.d4 Nf6 2.c4 g6 3.Nc3 Bg7 4.e4 d6 5.Nf3 O-O 6.Be2 e5 7.O-O Nc6 8.d5 Ne7
9.b4 Nh5 10.Re1 Nf4 11.Bf1 c6 12.a4 h6 13.a5 g5 14.dxc6 bxc6 15.b5 Be6 16.a6 d5
17.Ba3 g4 18.Nd2 d4 19.Na4 h5 20.Nc5 Bh6 21.Nb7 Qe8 22.Nb3 Kh8 23.g3 Nfg6
24.N3c5 Rg8 25.Nd6 Qf8 26.Bd3 Bg5 27.Rb1 cxb5 28.Rxb5 Qg7 29.Rb7 Qf6 30.Nd7 Bxd7
31.Rxd7 Nf4 32.gxf4 Bxf4  0-1

[Event "ch-Serbia"]
[Site "Kragujevac YUG"]
[Date "2000.02.20"]
[Round "2"]
[White "Popovic,Dj"]
[Black "Markovic,Ma"]
[Result "1-0"]
[WhiteElo "2313"]
[BlackElo "2206"]

1.d4 Nf6 2.c4 g6 3.Nc3 Bg7 4.e4 d6 5.Be2 O-O 6.Nf3 e5 7.O-O Nc6 8.d5 Ne7
9.Ne1 Nd7 10.Nd3 f5 11.Bd2 Nf6 12.f3 c5 13.a3 f4 14.b4 b6 15.Rb1 g5 16.g4 fxg3
17.hxg3 Qd7 18.Nf2 Ng6 19.bxc5 bxc5 20.Qa4 Qxa4 21.Nxa4 h6 22.Nc3 Ne8 23.Nb5 Rf7
24.Nc3 Rb7 25.Rxb7 Bxb7 26.Rb1 Bc8 27.Ncd1 Bf6 28.Ne3 Bd8 29.Bd1 Bc7 30.Ba4 Nf6
31.Nf5 Kh7 32.Bc6 Rb8 33.Rxb8 Bxb8 34.Ba5 Bxf5 35.exf5 Nf8 36.Ne4 Kg7 37.Kf2 N8d7
38.Bxd7 Nxd7 39.g4 Nf6 40.Nxf6 Kxf6 41.Ke3 Ke7 42.Ke4  1-0

[Event "Open"]
[Site "Cannes FRA"]
[Date "2000.02.21"]
[Round "2"]
[White "Maruejols,C"]
[Black "Henrichsen,J"]
[Result "1-0"]
[WhiteElo "2129"]
[BlackElo "2067"]

1.d4 Nf6 2.c4 g6 3.Nc3 Bg7 4.e4 d6 5.Be2 O-O 6.Nf3 e5 7.O-O Nc6 8.d5 Ne7
9.Ne1 Nd7 10.Nd3 f5 11.Bd2 Nf6 12.f3 c6 13.Rc1 Kh8 14.Nf2 a6 15.b4 b5 16.Qb3 h5
17.Rfd1 cxd5 18.exd5 Bb7 19.cxb5 Nexd5 20.bxa6 Nxc3 21.Bxc3 Bxa6 22.Bxa6 Rxa6
23.b5 Ra8 24.Bxe5 Qa5 25.Bxd6 Rfd8 26.b6 Ne8 27.Bf4 Rxd1+ 28.Rxd1 Rd8 29.b7 Be5
30.Bxe5+ Qxe5 31.f4 Rxd1+ 32.Qxd1 Qxf4 33.Qb1 Qb8 34.Nd3 Kh7 35.Qb6 Nd6 36.a4 Nc4
37.Qb4 Qa7+ 38.Nc5 Nb6 39.a5 Nd7 40.b8=Q Nxb8 41.Qb7+ Qxb7 42.Nxb7 Na6 43.Kf2 Kg7
44.Ke3 Kf6 45.Kd4 h4 46.Nc5 Nc7 47.Nd7+ Ke7 48.Ne5 Kf6 49.Nf3 g5 50.Kc5 g4
51.Nxh4 f4 52.Kd4 Kg5 53.g3 f3 54.Ke3 Nd5+ 55.Kf2 Nb4 56.Nxf3+ Kf5 57.Nd2 Ke5
58.Nb3 Ke4 59.Nc5+ Kd5 60.a6 Nc6 61.Nd7 Ke4 62.Nf6+ Kf5 63.Nxg4 Kxg4 64.h4 Na7
65.Ke3  1-0

[Event "Masters"]
[Site "Monaco MNC"]
[Date "2000.02.21"]
[Round "1"]
[White "Efimov,I"]
[Black "Bussachini,M"]
[Result "1-0"]
[WhiteElo "2537"]
[BlackElo "2084"]

1.Nf3 Nf6 2.c4 g6 3.Nc3 Bg7 4.d4 O-O 5.e4 d6 6.Be2 e5 7.O-O Nc6 8.d5 Ne7
9.b4 a5 10.bxa5 Rxa5 11.a4 Nd7 12.Ba3 Nc5 13.Nd2 b6 14.Bb4 Ra8 15.a5 Ba6
16.Ra3 f5 17.Qc2 Bh6 18.Rfa1 Bc8 19.Bxc5 bxc5 20.Bf3 Bxd2 21.Qxd2 f4 22.a6 g5
23.Qd1 Kg7 24.Nb5 Ng6 25.Bg4 h6 26.h3 Bxg4 27.Qxg4 Rh8 28.Qh5 Nf8 29.a7 Nd7
30.Ra6 Nf6 31.Qe2 Kg6 32.Rc6 Rh7 33.Raa6 Rd7 34.Qb2 Kg7 35.Nxc7 Qxc7 36.Rxc7 Rxc7
37.Qb8  1-0

[Event "ch-Serbia"]
[Site "Kragujevac YUG"]
[Date "2000.02.23"]
[Round "5"]
[White "Mijailovic,Z"]
[Black "Arsovic,G"]
[Result "1/2-1/2"]
[WhiteElo "2394"]
[BlackElo "2427"]

1.Nf3 Nf6 2.c4 g6 3.Nc3 Bg7 4.e4 d6 5.d4 O-O 6.Be2 e5 7.O-O Nc6 8.Be3 Ng4
9.Bg5 f6 10.Bc1 Kh8 11.d5 Ne7 12.Nd2 f5 13.exf5 gxf5 14.Bxg4 fxg4 15.Nde4 Nf5
16.c5 dxc5 17.Nxc5 Nd4 18.Be3 Bf5 19.Qd2 Qd6 20.Nb3 Qb4 21.Bh6 Bxh6 22.Qxh6 Qd6
23.Qd2 Qb4 24.Qh6 Qd6  1/2-1/2

[Event "Jersey Open"]
[Site "St Helier JCI"]
[Date "2000.02.23"]
[Round "4"]
[White "Corkett,A"]
[Black "Gilbert,Je"]
[Result "1/2-1/2"]
[WhiteElo "2295"]
[BlackElo "2050"]

1.c4 Nf6 2.Nf3 g6 3.Nc3 Bg7 4.e4 d6 5.d4 O-O 6.Be2 e5 7.O-O Nc6 8.d5 Ne7
9.Bg5 Ne8 10.Rc1 h6 11.Bxe7 Qxe7 12.b4 f5 13.Nd2 f4 14.Bg4 Bxg4 15.Qxg4 Qf7
16.c5 h5 17.Qh3 Bh6 18.f3 g5 19.cxd6 cxd6 20.Nc4 Qg6 21.Qe6+ Qxe6 22.dxe6 Rf6
23.e7 Re6 24.Nd5 g4 25.Na5 Rb8 26.Rc2 Kf7 27.Rfc1 Nf6 28.Nxf6 Kxf6 29.Rc7 Rxe7
30.Rxe7 Kxe7 31.Rc7+ Ke6 32.Nxb7 Bf8 33.a3 Be7 34.Kf2 gxf3 35.Kxf3 Ra8 36.b5 a6
37.b6 a5 38.Rc3 Rb8 39.Nxa5 Rxb6 40.Nc4 Rc6 41.Rc2 Rc5 42.a4 d5 43.exd5+ Kxd5
44.Nb6+ Kc6 45.Rxc5+ Bxc5 46.Nc4 Kd5 47.Nd2 Be7 48.Ne4 Bd8 49.g3 Kc4 50.gxf4 exf4
51.h3 Kb4 52.Kxf4 Kxa4 53.Ng3 h4 54.Ne4 Kb5 55.Ng5 Bc7+ 56.Kg4 Bg3 57.Nf3 Kc6
58.Nxh4 Bxh4  1/2-1/2

[Event "Open"]
[Site "Cannes FRA"]
[Date "2000.02.24"]
[Round "5"]
[White "Soulages,L"]
[Black "Henrichsen,J"]
[Result "1-0"]
[WhiteElo "2121"]
[BlackElo "2067"]

1.Nf3 Nf6 2.c4 g6 3.Nc3 Bg7 4.e4 d6 5.d4 O-O 6.Be2 e5 7.O-O Nc6 8.d5 Ne7
9.Nh4 Ne8 10.g3 f5 11.exf5 Nxf5 12.Nxf5 gxf5 13.f4 Qe7 14.Be3 c5 15.dxc6 bxc6
16.Qd2 Rb8 17.Rab1 Bf6 18.Rfe1 Be6 19.b4 Qf7 20.b5 c5 21.Nd5 Bxd5 22.Qxd5 Qxd5
23.cxd5 Nc7 24.Bc4 Kg7 25.fxe5 Bxe5 26.Bxc5 Rfe8 27.Bxa7 Rb7 28.Bf2 Ra8 29.b6 Ne8
30.Bb5  1-0

[Event "Metalis Open"]
[Site "Bizovac CRO"]
[Date "2000.02.25"]
[Round "3"]
[White "Kozul,Z"]
[Black "Jankovic,A"]
[Result "1-0"]
[WhiteElo "2597"]
[BlackElo "2320"]

1.d4 Nf6 2.Nf3 g6 3.c4 Bg7 4.Nc3 O-O 5.e4 d6 6.Be2 e5 7.O-O Nc6 8.d5 Ne7
9.Ne1 Nd7 10.Nd3 f5 11.Bd2 Nb6 12.b3 fxe4 13.Nxe4 Bf5 14.f3 c6 15.dxc6 Bxe4
16.fxe4 Nxc6 17.Rc1 Nd7 18.Rxf8+ Qxf8 19.Bg4 Nf6 20.Be6+ Kh8 21.Bd5 Nxd5
22.cxd5 Nd4 23.Rc7 Rc8 24.Rxb7 Bh6 25.h3 Bxd2 26.Qxd2 Rc2 27.Qg5 Ne2+ 28.Kh2 Nf4
29.Nxf4 exf4 30.Rd7 f3 31.Qh4  1-0

[Event "Metalis Open"]
[Site "Bizovac CRO"]
[Date "2000.02.25"]
[Round "3"]
[White "Franic,M"]
[Black "Bubalovic,D"]
[Result "1-0"]
[WhiteElo "2386"]
[BlackElo "2358"]

1.d4 Nf6 2.c4 g6 3.Nc3 Bg7 4.e4 d6 5.Be2 O-O 6.Nf3 e5 7.O-O Nc6 8.d5 Ne7
9.Nh4 Nd7 10.g3 f5 11.exf5 Nxf5 12.Nxf5 gxf5 13.f4 exf4 14.Bxf4 Ne5 15.Qd2 Bd7
16.h3 Ng6 17.Bg5 Bf6 18.Bh6 Bg7 19.Bxg7 Kxg7 20.Bd3 Qf6 21.Ne2 Rae8 22.Kg2 c6
23.dxc6 bxc6 24.Rad1 Qe5 25.b3 Qe3 26.Nf4 Nxf4+ 27.Rxf4 Qxd2+ 28.Rxd2 c5
29.Kg1 Re5 30.Bf1 Rf6 31.Bg2 Rg6 32.Kf2 Kf8 33.Rh4 h6 34.Bd5 Ke7 35.Rd3 Be6
36.Bf3 Bd7 37.Rd2 Be6 38.Rh5 Bd7 39.Rd3 Be6 40.Bd1 Rf6 41.Re3 Bd7 42.Rh4 Rfe6
43.Re2 Kf8 44.Rd2 Ke7 45.Rf4 Rf6 46.Bc2 Be6 47.Rd3 Re4 48.Rdf3 Rxf4 49.Rxf4 Rf8
50.Kf3 a5 51.Rh4 Rf6 52.Bd3 d5 53.cxd5 Bxd5+ 54.Kf4 Kd6 55.Rh5 a4 56.Rxf5 Rxf5+
57.Kxf5 axb3 58.axb3 Be6+ 59.Kg6 Bxh3 60.Kxh6 Ke7 61.Bc4 Bd7 62.Kg5  1-0

[Event "Open"]
[Site "Cannes FRA"]
[Date "2000.02.26"]
[Round "7"]
[White "Nobili,D"]
[Black "Marino,O"]
[Result "0-1"]
[WhiteElo "2048"]
[BlackElo "2101"]

1.d4 Nf6 2.c4 g6 3.Nc3 Bg7 4.e4 d6 5.Be2 O-O 6.Nf3 e5 7.O-O Nc6 8.d5 Ne7
9.b4 Nh5 10.c5 Nf4 11.Nd2 Nxe2+ 12.Qxe2 f5 13.f3 f4 14.Nc4 Rf6 15.a4 h5 16.cxd6 cxd6
17.Bd2 Bd7 18.Be1 g5 19.Bf2 Rg6 20.Nb5 Nc8 21.Na5 g4 22.Kh1 g3 23.Nxb7 Qg5
24.Bg1 h4 25.Ra2 h3 26.Rc1 hxg2+ 27.Qxg2 Qh5 28.Bc5 dxc5 29.bxc5 gxh2 30.Qxg6 Qxg6
31.c6 Bg4 32.fxg4 Qxe4+ 33.Rg2 f3 34.Rf2 Qf4 35.Rcf1 e4 36.d6 Nxd6 37.N7xd6 a6
38.c7 axb5 39.c8=Q+ Rxc8 40.Nxc8 Qc7 41.Re1 Bd4 42.Ne7+ Qxe7 43.Rxf3 Qb4
44.Rff1 bxa4 45.Rxe4 a3 46.Re2 Qc4 47.Re8+ Kg7 48.Ref8 Be5 49.R8f5 Qd5+  0-1